Luật Phòng cháy và chữa cháy

Luật phòng cháy và chữa cháy gồm: Những qui định chung, phòng cháy, chữa cháy. Tổ chức lực lượng phòng cháy và chữa cháy. Phương tiện, đầu tư cho hoạt động phòng cháy chữa cháy. Quản lý nhà nước về phòng cháy - chữa cháy. Khen thưởng, xử lý vi phạm và điều khoản thi hành....

Full beskrivning

Sparad:
Bibliografiska uppgifter
Institutionell upphovsman: Việt Nam (CHXHCN). Luật lệ và sắc lệnh
Materialtyp: Bok
Språk:Vietnamese
Publicerad: H. Chính trị Quốc gia 2005
Ämnen:
Taggar: Lägg till en tagg
Inga taggar, Lägg till första taggen!
Thư viện lưu trữ: Mạng thư viện Đại học Đà Nẵng
LEADER 01276aam a22003378a 4500
001 000007283
003 3444
005 20110928100915.0
008 110928s2005 viesd
020 |c 3600đ  |d 2000b 
041 |a vie 
082 1 4 |2 14  |a 344.59705 
084 |a S611.163 
084 |b L504P 
110 0 |a Việt Nam (CHXHCN). Luật lệ và sắc lệnh 
245 1 0 |a Luật Phòng cháy và chữa cháy 
260 |a H.  |b Chính trị Quốc gia  |c 2005 
300 |a 45tr.  |c 19cm 
520 |a Luật phòng cháy và chữa cháy gồm: Những qui định chung, phòng cháy, chữa cháy. Tổ chức lực lượng phòng cháy và chữa cháy. Phương tiện, đầu tư cho hoạt động phòng cháy chữa cháy. Quản lý nhà nước về phòng cháy - chữa cháy. Khen thưởng, xử lý vi phạm và điều khoản thi hành. 
650 7 |2 Bộ TK TVQG  |a Phòng cháy chữa cháy 
650 7 |2 Bộ TK TVQG  |a Pháp luật 
651 7 |2 Bộ TK TVQG  |a Việt Nam 
655 7 |2 Bộ TK TVQG  |a Văn bản pháp luật 
OWN |a LSP 
999 |a From the UDN01 
TYP |a Monograph 
TYP |a Printed language 
980 |a Mạng thư viện Đại học Đà Nẵng